000 00417nam a2200169Ia 4500
008 180921t2020 xxu||||| |||| 00| 1 sin d
041 _asin
080 _aX8C31
_bDES
100 _aDe Silva, Chethana
245 _aඅනුරාවී
246 _aAnuravee
260 _bGeema Publication
_aPolgasowita
_c2020
300 _a520p., 21cm
942 _cBK
999 _c7253
_d7253
003 LK-CoDNM
040 _aLK-CoDNM
_dLK-CoDNM
_eLK-CoDNM